Küçük adamların büyük hikayeleri (Record no. 1877)

MARC details
000 -BAŞLIK
Sabit Uzunlukta Kontrol Alanı 00760na a2200229 4500
001 - KONTROL NUMARASI
Denetim Alanı 16163
003 - KONTROL NUMARASI IDENTIFIER
Denetim Alanı MIRAKIL
005 - SON İŞLEM TARİHİ VE ZAMANI
Denetim Alanı 20181213154837.0
008 - SABİT-BOY VERİ ELEMANLARI - GENEL BİLGİLER
Sabit Uzunlukta Kontrol Alanı 161002b tu 000 0
020 ## - ULUSLARARASI STANDART KİTAP NUMARASI
Uluslararası Standart Kitap Numarası 9789758081615
035 ## - SİSTEM KONTROL NUMARASI
Sistem Kontrol Numarası 16163
040 ## - KATALOGLAMA KAYNAK
Orijinal Kataloglama Ajansı Milas
Kataloglama Dili tur
Metne Dönüştürmek Ajansı TR-AnCHP
082 ## - DEWEY ONLU SINIFLANDIRMA NUMARASI
Sınıflandırma Numarası 809.8
Ürün Numarası K91 2012
090 ## - SINIFLAMA NUMARASI
Sınıflama Numarası 809.8 K91 2012
245 ## - BAŞLIK TABLOSU
Başlık Küçük adamların büyük hikayeleri
Başlığın Kalan Darıca Namık Kemal İlköğretim Okulu 3-A sınıfı
Sorumluluk Tablosu, Vb hazırlayan Mustafa Tırınk
246 ## - UNVAN FORM VARYING
Başlık Doğru / Kısa Başlığı Darıca Namık Kemal İlköğretim Okulu 3-A sınıfı
260 ## - YAYIN, DAĞITIM, VB
Yayın, Dağıtım, Vb Yeri İstanbul
Yayıncı, Dağıtıcı, Vs Adı [yayl. y.]
Yayın, Dağıtım, Vb Tarihi 2012
Üretici Firma Şan Ofset
300 ## - FİZİKSEL TANIM
Kapsam 232 s.
Diğer Fiziksel Ayrıntıları resim var.
Boyutlar 19 sm.
650 ## - KONU KATMA GİRİŞ - TOPİKAL DÖNEM
Topikal Süreli Veya Coğrafi Ad Giriş Elemanı Türk öyküleri
Genel Alt Bölümü Seçkiler
650 ## - KONU KATMA GİRİŞ - TOPİKAL DÖNEM
Topikal Süreli Veya Coğrafi Ad Giriş Elemanı Türk edebiyatı
Genel Alt Bölümü Öyküler
Kronolojik Alt Bölümü Seçkiler
942 ## - EKLENDİ GİRİŞ ELEMANLARI (KOHA)
Sınıflandırma Veya Raf Düzeni Kaynak Dewey Decimal Classification
Koha Öğesi Türü Books
999 ## - SİSTEM KONTROL NUMARALARI (KOHA)
Koha Biblionumber 1877
Koha Biblioitemnumber 1877
Holdings
Kalıcı Konum Mevcut Konum Edinme Tarihi Edinim Kaynak Toplam Check-Out'Lar Tam Çağrı Numarası Barkod Tarih Son Görülme İtibaren Geçerli Fiyatlar Koha Öğesi Türü
CHP Kütüphanesi CHP Kütüphanesi 09/30/2016 Bağış   809.8 K91 2012 004410 09/30/2016 09/30/2016 Books